Carpal Bones - Statistics

General Stats
  • This quiz has been taken 412 times
  • The average score is 7 of 8
Answer Stats
Picture Answer % Correct
Pisiform
92%
Trapezoid
91%
Trapezium
90%
Hamate
89%
Scaphoid
86%
Lunate
84%
Capitate
82%
Triquetrum
76%
No matching quizzes found
Score Distribution
Percent of People with Each Score
Percentile by Number Answered
Your Score History
You have not taken this quiz